<?xml version="1.0" encoding="UTF-8"?>
<record
    xmlns:xsi="http://www.w3.org/2001/XMLSchema-instance"
    xsi:schemaLocation="http://www.loc.gov/MARC21/slim http://www.loc.gov/standards/marcxml/schema/MARC21slim.xsd"
    xmlns="http://www.loc.gov/MARC21/slim">

  <leader>01478nam a22002297a 4500</leader>
  <controlfield tag="003">OSt</controlfield>
  <controlfield tag="005">20240529150450.0</controlfield>
  <controlfield tag="008">240529b           ||||| |||| 00| 0 spa d</controlfield>
  <datafield tag="020" ind1=" " ind2=" ">
    <subfield code="a">9789802537679</subfield>
  </datafield>
  <datafield tag="040" ind1=" " ind2=" ">
    <subfield code="c">CO-Mq BPB</subfield>
  </datafield>
  <datafield tag="041" ind1=" " ind2=" ">
    <subfield code="a">spa</subfield>
  </datafield>
  <datafield tag="082" ind1=" " ind2=" ">
    <subfield code="a">AN</subfield>
    <subfield code="b">PERp</subfield>
  </datafield>
  <datafield tag="100" ind1=" " ind2=" ">
    <subfield code="a">P&#xE9;rez Pirela, Miguel &#xC1;ngel</subfield>
    <subfield code="e">Autor</subfield>
  </datafield>
  <datafield tag="245" ind1=" " ind2=" ">
    <subfield code="a">Pueblo</subfield>
  </datafield>
  <datafield tag="264" ind1=" " ind2=" ">
    <subfield code="a">Caracas - Venezuela:</subfield>
    <subfield code="b">Fundarte</subfield>
    <subfield code="c">2010</subfield>
  </datafield>
  <datafield tag="300" ind1=" " ind2=" ">
    <subfield code="a">230 p&#xE1;ginas </subfield>
    <subfield code="b">Tapa rustica</subfield>
    <subfield code="c">22 cm</subfield>
  </datafield>
  <datafield tag="521" ind1=" " ind2=" ">
    <subfield code="a">Pueblo es una novela experimental y sentimental. En el pr&#xF3;logo Luis Britto Garc&#xED;a describe al escritor P&#xE9;rez Pirela: &#x201C;El autor es acad&#xE9;mico y perspicaz analista pol&#xED;tico, fascinado por los sistemas implacables de Nicol&#xE1;s Maquiavelo y de Tom&#xE1;s Hobbes, y autor de ensayos de impecable construcci&#xF3;n racional sobre temas tan actuales como El Estado posible o tan alarmantes como &#xAB;El para estado venezolano&#xBB;&#x201D;. Sobre la obra en s&#xED; Britto Garc&#xED;a anota: &#x201C;P&#xE9;rez Pirela nos entrega una novela de amor... Pueblo es una historia sentimental. Miles de trabajosos intercambios de abusos y dislates ocurren entre sus personajes. El principal es la omnipresente pasi&#xF3;n contrariada, que crea un ambiente tan obsesivo como el del calor. Su opaca frustraci&#xF3;n redime todo. Dentro de este sentimiento que es como un clima, toda trivialidad tiene su sitio y todo fracaso su redenci&#xF3;n&#x201D;.</subfield>
  </datafield>
  <datafield tag="650" ind1=" " ind2=" ">
    <subfield code="a">Literatura</subfield>
    <subfield code="x">Venezuela</subfield>
  </datafield>
  <datafield tag="650" ind1=" " ind2=" ">
    <subfield code="a">Narrativa</subfield>
    <subfield code="x">Venezuela</subfield>
  </datafield>
  <datafield tag="650" ind1=" " ind2=" ">
    <subfield code="a">Novela Latinoamericana</subfield>
  </datafield>
  <datafield tag="942" ind1=" " ind2=" ">
    <subfield code="2">ddc</subfield>
    <subfield code="c">BKLIT</subfield>
  </datafield>
  <datafield tag="999" ind1=" " ind2=" ">
    <subfield code="c">15537</subfield>
    <subfield code="d">15537</subfield>
  </datafield>
  <datafield tag="952" ind1=" " ind2=" ">
    <subfield code="0">0</subfield>
    <subfield code="1">0</subfield>
    <subfield code="2">ddc</subfield>
    <subfield code="4">0</subfield>
    <subfield code="7">0</subfield>
    <subfield code="8">LA</subfield>
    <subfield code="a">BPMOS</subfield>
    <subfield code="b">BPMOS</subfield>
    <subfield code="c">FIC</subfield>
    <subfield code="d">2024-05-29</subfield>
    <subfield code="e">Donaci&#xF3;n Feria del libro 2024</subfield>
    <subfield code="i">NT</subfield>
    <subfield code="l">0</subfield>
    <subfield code="o">AN PERp</subfield>
    <subfield code="p">MOS503723</subfield>
    <subfield code="r">2024-05-29</subfield>
    <subfield code="t">Ej.1</subfield>
    <subfield code="w">2024-05-29</subfield>
    <subfield code="y">BKLIT</subfield>
    <subfield code="z">Quince dias</subfield>
  </datafield>
</record>
